000 01439nam0a2200361 4500
001 RU\NLR\bibl\389782
005 20260406013653.0
010 _a5-276-00276-2
_9500
021 _aRU
_b2002-67054
_93251
035 _a(NLR Aleph) 000384093
090 _a474097
_c474097
100 _a20030402d2002 |||y0rusy50 ca
101 0 _arus
102 _aRU
105 _aa |||||||||
200 1 _aСамообучающаяся антиблокировочная тормозная система колесных машин
_fА. М. Ахметшин
210 _aМ.
_cМГИУ
_d2002
215 _a140 с.
_cил.
_d20
313 _aгрузов. автомобилей
320 _aБиблиогр.: с. 137-140
606 0 _aАвтомобильные тормоза
_xАнтиблокировочные приспособления
_9897579
_3RU\NLR\auth\665557
606 0 _aАвтомобильные тормоза
_xАнтиблокировочные системы
_92088183
_3RU\NLR\auth\661264158
675 _a629.3.027.4.017.5
_v3
_zrus
686 _a55.43
_2rugasnti
686 _a39.33-08
_2rubbk
686 _aО335.4-042.730.6-05
700 1 _4070
_8rus
_7ca
_aАхметшин
_bА. М.
_f1942-
_gАльберт Махмутович
_3RU\NLR\auth\77119166
_9102091
801 0 _aRU
_bRKP
_c20030402
_gPSBO
801 1 _aRU
_bRKP
_c20030402
801 2 _aRU
_bNLR
_c20130116
_grcr
942 _cBOOK
980 _aNB